| 000 | 00774nam a2200217 a 4500 | ||
|---|---|---|---|
| 005 | 20230315063857.0 | ||
| 008 | 991125s1992 ag 000 0 spa u | ||
| 020 | _a9507550429 | ||
| 035 | _aUPN01000042998 | ||
| 049 | _aF | ||
| 050 | 4 |
_aLB1715 _bL55 no.9 |
|
| 100 | 1 |
_aMartínez de Pérez, Norma _929156 |
|
| 245 | 1 | 0 |
_aOrientación vocacional ocupacional en el nivel medio : _bactividades para el alumno / _cNorma Martínez de Pérez, Rosario Brúcoli. |
| 260 |
_aBuenos Aires : _bBraga, _c1992. |
||
| 300 |
_a24 p. : _bcuadros |
||
| 440 | 0 |
_aLineamientos. _pCuadernos de orientación educativa ; _v9 |
|
| 650 | 4 |
_aORIENTACION ESTUDIANTIL EN EDUCACION SECUNDARIA _910500 |
|
| 650 | 4 |
_aOrientación vocacional _95 |
|
| 700 | 1 |
_aBrúcoli, Rosario, _ecoaut. |
|
| 905 | _aLibro | ||
| 999 |
_c42998 _d42998 |
||